Cuba - El Caribe y el post embargo / (Registro nro. 14321)

Detalles MARC
000 -LEADER
fixed length control field 00828nam a22002417a 4500
003 - CONTROL NUMBER IDENTIFIER
control field DO-SdBNP
005 - DATE AND TIME OF LATEST TRANSACTION
control field 20221031134453.0
007 - PHYSICAL DESCRIPTION FIXED FIELD--GENERAL INFORMATION
fixed length control field ta
008 - FIXED-LENGTH DATA ELEMENTS--GENERAL INFORMATION
fixed length control field 221003b2005 dr d 00| 0 spa d
040 ## - CATALOGING SOURCE
Original cataloging agency DO-SdBNP
Language of cataloging spa
Transcribing agency BPMSU
082 #4 - DEWEY DECIMAL CLASSIFICATION NUMBER
Classification number 338.972 91
Item number C962c 2005
Edition number 22
245 00 - TITLE STATEMENT
Title Cuba - El Caribe y el post embargo /
Statement of responsibility, etc. editora. Alejandra Liriano de la Cruz
260 ## - PUBLICATION, DISTRIBUTION, ETC. (IMPRINT)
Place of publication, distribution, etc. Santo Domingo :
Name of publisher, distributor, etc. FLACSO,
Date of publication, distribution, etc. 2005.
300 ## - PHYSICAL DESCRIPTION
Extent 510 p. :
Other physical details ils. gráficos ;
Dimensions 23 cm.
500 ## - GENERAL NOTE
General note Incluye referencias bibliográficas y notas al pie de las páginas
590 ## - LOCAL NOTE (RLIN)
Local note Inventariado, 2022/VM
650 #4 - SUBJECT ADDED ENTRY--TOPICAL TERM
Topical term or geographic name as entry element Embargo (Derecho internacional)
650 #4 - SUBJECT ADDED ENTRY--TOPICAL TERM
Topical term or geographic name as entry element Sanciones económicas
651 ## - SUBJECT ADDED ENTRY--GEOGRAPHIC NAME
Geographic name Caribe (Region, Cuba )
General subdivision Condiciones económicas
Chronological subdivision 1958
700 1# - ADDED ENTRY--PERSONAL NAME
Personal name Liriano de la Cruz, Alejandra
Relator term ed.
910 ## - USER-OPTION DATA (OCLC)
User-option data VMateo V. /VM
942 ## - ADDED ENTRY ELEMENTS (KOHA)
Source of classification or shelving scheme Dewey Decimal Classification
Koha item type Libros
Existencias
Withdrawn status Lost status Source of classification or shelving scheme Damaged status Not for loan Collection code Home library Current library Date acquired Source of acquisition Full call number Barcode Date last seen Price effective from Koha item type Copy number Total Checkouts
    Dewey Decimal Classification     Colección Dominicana Biblioteca Pública Metropolitana Salomé Ureña Biblioteca Pública Metropolitana Salomé Ureña 10/31/2022 FLACSO BPMSU CD 338.97291 C962c 2005 BPMSU22100099 10/31/2022 10/31/2022 Libros    
    Dewey Decimal Classification     Colección Dominicana Biblioteca Pública Metropolitana Salomé Ureña Biblioteca Pública Metropolitana Salomé Ureña 10/31/2022 FLACSO BPMSU CD 338.97291 C962c 2005 BPMSU22100100 10/31/2022 10/31/2022 Libros e.2  
    Dewey Decimal Classification     Colección Dominicana Biblioteca Pública Metropolitana Salomé Ureña Biblioteca Pública Metropolitana Salomé Ureña 10/31/2022 FLACSO BPMSU CD 338.97291 C962c 2005 BPMSU22100101 10/31/2022 10/31/2022 Libros e.3